Blake's 7 writers Quiz Stats

 Plays Quiz not verified by Sporcle

Challenge
Share
Tweet
Embed
Score 0/52 Timer 10:00
0 Plays Today
Hint Answer % Correct
Series 1Terry Nation
96.3%
Series 1Terry Nation
96.3%
Series 1Terry Nation
96.3%
Series 1Terry Nation
96.3%
Series 1Terry Nation
96.3%
Series 1Terry Nation
96.3%
Series 1Terry Nation
96.3%
Series 1Terry Nation
96.3%
Series 1Terry Nation
96.3%
Series 1Terry Nation
96.3%
Series 1Terry Nation
96.3%
Series 1Terry Nation
96.3%
Series 1Terry Nation
96.3%
Series 2Terry Nation
96.3%
Series 2Terry Nation
96.3%
Series 2Terry Nation
96.3%
Series 3Terry Nation
96.3%
Series 3Terry Nation
96.3%
Series 3Terry Nation
96.3%
Series 2Chris Boucher
94.4%
Series 2Chris Boucher
94.4%
Series 2Chris Boucher
94.4%
Series 2Chris Boucher
94.4%
Series 3Chris Boucher
94.4%
Series 3Chris Boucher
94.4%
Series 3Chris Boucher
94.4%
Hint Answer % Correct
Series 4Chris Boucher
94.4%
Series 4Chris Boucher
94.4%
Series 2Robert Holmes
81.5%
Series 2Robert Holmes
81.5%
Series 3Tanith Lee
81.5%
Series 4Robert Holmes
81.5%
Series 4Tanith Lee
81.5%
Series 4Robert Holmes
81.5%
Series 2Allan Prior
61.1%
Series 2Allan Prior
61.1%
Series 2Allan Prior
61.1%
Series 3Allan Prior
61.1%
Series 4Allan Prior
61.1%
Series 3Ben Steed
55.6%
Series 3Ben Steed
55.6%
Series 4Ben Steed
55.6%
Series 3Trevor Hoyle
46.3%
Series 2Roger Parkes
35.2%
Series 3Roger Parkes
35.2%
Series 4Roger Parkes
35.2%
Series 3James Follett
31.5%
Series 4James Follett
29.6%
Series 4Bill Lyons
27.8%
Series 4Rod Beacham
25.9%
Series 4Simon Masters
24.1%
Series 4Colin Davis
22.2%

You're not logged in!

Compare scores with friends on all Sporcle quizzes.
OR
Log In

You Might Also Like...

Show Comments

Extras

Created Mar 7, 2016ReportNominate
Tags:blake, writer

Top Quizzes Today


Score Distribution

Your Account Isn't Verified!

In order to create a playlist on Sporcle, you need to verify the email address you used during registration. Go to your Sporcle Settings to finish the process.

Report this User

Report this user for behavior that violates our Community Guidelines.

Details: